| 000 | 00000nam##2200000za#4500 |
| 001 | 9.678900 |
| 003 | CaOODSP |
| 005 | 20250506145324 |
| 007 | ta |
| 008 | 150407|1992||||xxc||||| f|0| 0 fre|d |
| 020 | |a0-662-97669-X |
| 040 | |aCaOODSP|bfre |
| 043 | |an-cn--- |
| 086 | 1 |aA53-1883/1992F |
| 110 | 1 |aCanada.|bAgriculture Canada. |
| 245 | 10|aGestion du pâturage dans les herbages naturels, manuel n° 1: Prairie à fétuque des avant-monts des Rocheuses / |cpar W. D. Willms et al. |
| 260 | |aOttawa - Ontario : |bAgriculture Canada |c1992. |
| 300 | |a35p. : |bfigures, ill., références ; |c23 cm. |
| 500 | |aSommaire: Introduction.--Espèces végétales.--État du parcours.--Taux de chargement.--Durée de pâturage.--Régimes de pâturage.--Parcours surpâturés.--Espèces recommandées pour la prairie à fétu que des avant-monts.--Rétablissement de la prairie naturelle.--Espèces non voulues.--Autres perturbations.--Bibliographie. |
| 563 | |aCouverture souple |
| 590 | |a92-51|b1992-12-18 |
| 691 | 07|aPâturage|2gcpds |
| 720 | 1 |aWillms, J. Douglas |
| 775 | 08|tGrazing management of native grasslands, handbook 1: Foothills fescue prairie / |w(CaOODSP)9.645122 |
| 776 | 0#|tGestion du pâturage dans les herbages naturels. Manuel n° 1, Prairie à fétuque des avant-monts des Rocheuses / |w(CaOODSP)9.643161 |
| 986 | |aPublication 1880/F |